000
00235nam a22000857a 4500
008
160715b xxu||||| |||| 00| 0 eng d
100
_9
2881
_a
Verma R
245
_a
CCE Manual Science-IX
_b
Term-I
260
_a
New Delhi
_b
S.Chand Publication
_c
2011
999
_c
2453
_d
2453